| 000 | 00592nam a2200169 i 4500 | ||
|---|---|---|---|
| 001 | 50174 | ||
| 003 | ES-MaACL | ||
| 005 | 20251113184504.0 | ||
| 007 | t| | ||
| 008 | 030731s1952 sp ||||1| spa d | ||
| 245 | 0 | 0 |
_aCrónicas trujillanas del siglo XVI / _cMiguel Muñoz de San Pedro. |
| 260 |
_aCáceres : _bPublicaciones de la Biblioteca Pública y Archivo Histórico, _c1952 ( _fJomarín) |
||
| 300 |
_aXLVII, 337 p., 5 lám. ; _c17 cm. |
||
| 700 | 1 |
_aMuñoz de San Pedro, Miguel, _cConde de Canilleros _984394 |
|
| 852 |
_aES-MaACL _jD-9217 _bR.33288 |
||
| 999 |
_c50174 _d50174 |
||